005220000a22001210004500008004100000082001000041100002800051245014500079260004800224300002600272500005500298650004700353110120t xxu||||| |||| 00| 0 eng d a27264 aBugembe, Anne Namagembe aThe role and impact of women entrepreneurs in economic development : bMawaanda rural women developmen association /cBugembe Anne Namagembe aNkozi : bUganda Martyrs University, c2003 aiii, 67 p. ; c30 cm. aBachelor of Business administration and management aWomen entrepreneurs - economic development